Ownership and participation

Αποθηκεύτηκε σε:
Λεπτομέρειες βιβλιογραφικής εγγραφής
Άλλοι συγγραφείς: Russell, Raymond 1946- (Επιμελητής έκδοσης), Rus, Veljko (Επιμελητής έκδοσης)
Μορφή: Βιβλίο
Γλώσσα:English
Δημοσίευση: Oxford,New York : Oxford University, c1991
Σειρά:International handbook of participation in organizations ; ; 2
Θέματα:
Ετικέτες: Προσθήκη ετικέτας
Δεν υπάρχουν, Καταχωρήστε ετικέτα πρώτοι!

MARC

LEADER 00000nam a2200000 i 4500
001 1/43116
008 030818s1991 eng d
020 |a 0-19-828702-X 
035 |l 10025712 
040 |a GR-MY-UA  |b gre  |e aacr 
041 0 |a eng 
082 0 |a 338.6 
245 1 0 |a Ownership and participation /  |c Edited by: Raymont Russell, Veljko Rus 
260 |a Oxford,New York :   |b Oxford University,   |c c1991 
300 |a xxi, 358 p. 
490 1 |a International handbook of participation in organizations  |v ; 2 
500 |a Includes bibliographical references and indexes 
650 0 0 |a Employee ownership. 
650 0 0 |a Management  |x Employee participation. 
700 1 |a Russell, Raymond  |d 1946-  |4 edt 
700 1 |a Rus, Veljko.  |4 edt 
830 0 |a International handbook of participation in organizations ;  |v ; 2 
852 |a INST  |b CHIOS  |e 20030818  |h 338.6 OWN  |p 005200001719  |q 005200001719  |t BK  |y 0 
909 |a Χ  |b 040297